| 000 | 00694nam a22002057a 4500 | ||
|---|---|---|---|
| 999 |
_c20821 _d20821 |
||
| 003 | AR-CdUCM | ||
| 008 | 190606b ||||| |||| 00| 0 spa d | ||
| 040 |
_aMUNICIPALIDAD PROVINCIAL DEL CUSCO _cBIBLIOTECA MUNICIPAL DEL CUSCO |
||
| 082 |
_a663.2 / _bH17 |
||
| 100 |
_aHalasz, Zoltan _943492 |
||
| 245 | _aThe book of Hungarian Wines / | ||
| 260 |
_aHungary : _bKultura, _c1981. |
||
| 300 |
_a210 páginas ; _bFotografias, imagenes _c27 cm. |
||
| 500 | _aTexto en inglés. | ||
| 505 | _aContenido : The history of wine -- Where past and present meet -- Gods, heroes, men and wine... | ||
| 650 |
_aHistory the wine _943493 |
||
| 650 |
_aHungary _94702 |
||
| 942 |
_2ddc _cLIBROS |
||
| 945 | _arcc | ||